000
00303nam a22001337a 4500
008
171012b xxu||||| |||| 00| 0 eng d
020
_a
9780495812241
041
_a
eng
080
_a
316
100
_a
50
101
_a
SOC
245
_a
THE BASICS OF SOCIAL RESEARCH
_c
BABIE.E
942
_2
udc
_c
BK
999
_c
33530
_d
33530